| 000 | 00404nam a22001697a 4500 | ||
|---|---|---|---|
| 003 | MACL | ||
| 005 | 20160116165500.0 | ||
| 008 | 160116b xxu||||| |||| 00| 0 eng d | ||
| 040 | _cMACL | ||
| 041 | _aEnglish | ||
| 082 | _a415/SIN | ||
| 100 |
_aSingh,R.K. _933014 |
||
| 245 | _aCommon Errors in English | ||
| 260 |
_aPanchkula _bSwastik Prakashan _c2010 |
||
| 650 |
_aGrammar _933015 |
||
| 942 |
_2ddc _cBK |
||
| 999 |
_c52712 _d52712 |
||